000 00494nam a2200133Ia 4500
008 151213s9999 xx 000 0 und d
100 _aকবীর চেীধুরী
245 _aএ্যারিস্টোকানেসের লিসিসট্র্যাটা
_cকবীর চেীধুরী
260 _aঢাকা
_bবাংলা একাডেমী
_c1984
300 _a7321 p.
650 _aBangla
700 _aকবীর চেীধুরী
999 _c3891
_d3891